Bilecik Bilecik Bilecik Bilecik Bilecik

Bozkırın efendileri : (Record no. 45335)

MARC details
000 -BAŞLIK
Sabit Uzunluktaki Kontrol Alanı 01457nam a22004337a 4500
001 - KONTROL NUMARASI
Control Dosyası 0045366
003 - KONTROL NUMARASI KİMLİĞİ
Kontrol Alanı KOHA_MİRAKIL
005 - EN SON İŞLEM TARİHİ ve ZAMANI
Kontrol Alanı 20260207003444.0
007 - FİZİKSEL TANIM SABİT ALAN - GENEL BİLGİ
Sabit uzunluklu kontrol alanı ta
008 - SABİT UZUNLUKTAKİ VERİ ÖGELERİ - GENEL BİLGİ
Sabit Alan 131226b2012 tu |||gr||||#0|||0|tur |
020 ## - ISBN - ULUSLARARASI STANDART KİTAP NUMARASI
Isbn 9786054052134
020 ## - ISBN - ULUSLARARASI STANDART KİTAP NUMARASI
Isbn 6054052136
040 ## - KATALOGLAMA KAYNAĞI
Özgün Kataloglama Kurumu TR-BiSEU
Kataloglama Dili tur
Çeviri Kurumu TR-BiSEU
Açıklama Kuralları rda
041 0# - DİL KODU
Metin ya da ses kaydının dil kodu tur
044 ## - YAYINLAYAN/ÜRETEN KURULUŞUN ÜLKE KODU
ISO country code tu
050 ## - SINIFLAMA ve YER NUMARASI
Sınıflama Numarası DR435.T9
Yer Numarası G86 2012
100 1# - KİŞİ ADI
Yazar Adı (Kişi adı) Gündüz, Tufan.
245 1# - ESER ADI BİLDİRİMİ
Başlık Bozkırın efendileri :
Alt Eseradı vb. Türkmenler üzerine makaleler/
Sorumluluk Bildirimi Tufan Gündüz ; Tufan Gündüz..
250 ## - BASIM BİLDİRİMİ
Basım Bildirimi 2. baskı
264 #1 - ÜRERİM, YAYIN, DAĞITIM ve TELİF BİLDİRİMİ
Yayın yeri İstanbul :
Yayınlayan Yeditepe
Yayın tarihi 2012
300 ## - FİZİKSEL TANIMLAMA
Sayfa, Cilt vb. x, 206 sayfa ;
Boyutları 21 cm.
336 ## - İÇERİK TÜRÜ
Content type term metin
Content type code txt
Source rdacontent
337 ## - MEDYA TÜRÜ
Media type term aracısız
Media type code n
Source rdamedia
338 ## - TAŞIYICI TÜRÜ
Carrier type term cilt
Carrier type code nc
Source rdacarrier
490 1# - DİZİ BİLDİRİMİ
Dizi Bildirimi Yeditepe Yayınevi ;
Cilt Numarası 103.
490 1# - DİZİ BİLDİRİMİ
Dizi Bildirimi Araştırma-inceleme dizisi ;
Cilt Numarası 85
500 ## - GENEL NOT
Genel Not "Elinizdeki kitapta Türkmen aşiretleri hakkında 12 makale bulunuyor."
500 ## - GENEL NOT
Genel Not Includes bibliographical references and index.
650 #0 - KONU BAŞLIĞI EK GİRİŞ - KONU TERİMİ
Konusal terim veya coğrafi ad Turkmen--Turkey--History.
9 (RLIN) 46684
650 #0 - KONU BAŞLIĞI EK GİRİŞ - KONU TERİMİ
Konusal terim veya coğrafi ad Tribes--Turkey--History.
9 (RLIN) 76064
650 #0 - KONU BAŞLIĞI EK GİRİŞ - KONU TERİMİ
Konusal terim veya coğrafi ad Nomads--Turkey--History.
9 (RLIN) 76065
650 #0 - KONU BAŞLIĞI EK GİRİŞ - KONU TERİMİ
Konusal terim veya coğrafi ad Turkmen--History.
9 (RLIN) 15617
650 #0 - KONU BAŞLIĞI EK GİRİŞ - KONU TERİMİ
Konusal terim veya coğrafi ad Oghuz (Turkic people)--History.
9 (RLIN) 58137
650 #0 - KONU BAŞLIĞI EK GİRİŞ - KONU TERİMİ
Konusal terim veya coğrafi ad Turkey--History--Ottoman Empire, 1288-1918.
9 (RLIN) 4433
830 1# - SERİ EK GİRİŞİ - TEKBİÇİM ESER ADI
Tekbiçim Başlık Yeditepe Yayınevi ;
Volume number/sequential designation 103.
9 (RLIN) 26323
830 1# - SERİ EK GİRİŞİ - TEKBİÇİM ESER ADI
Tekbiçim Başlık Araştırma-inceleme dizisi ;
Volume number/sequential designation 85
9 (RLIN) 60357
907 ## - LOCAL DATA ELEMENT G, LDG (RLIN)
a Tarih
942 ## - EK GİRİŞ ÖGELERİ (KOHA)
Source of classification or shelving scheme Library of Congress Classification
Koha item type Book
Holdings
Materyal Türü Kalıcı Konum Mevcut Konum Raf Yeri Sınıflandırma Kaynağı Edinim Bilgisi Ana Konular Alt Konular Yer Numarası Demirbaş Numarası Fatura Tarihi Geri Çekilme Durumu Kayıp Durumu Hasarlı Durumu Kredi için değil Kayıt Tarih Toplam Ödünçverme Son Görülme Tarihi Son Kontrol Tarihi Genel / Bağış Notu
Book Prof. Dr. Azmi Özcan Kütüphanesi Prof. Dr. Azmi Özcan Kütüphanesi Uluğbey Salonu Library of Congress Classification Bağış DÜNYA TARİHİ (AVRUPA, ASYA, AFRİKA VB.) Balkan Yarımadası DR435.T9 G86 2012 0045366 02/02/2026         26/12/2013 3 05/12/2024 05/12/2024 Genel Bağış